000 00316nam a2200133Ia 4500
100 _aTompkins G. Bill
650 _aGeneral
942 _cRB
654 _aProject Cost Control
245 _aProject Cost Control For Managers
260 _bJaico Publishing House
_aBombay
_c1991
300 _a162
546 _aENGLISH
999 _c31478
_d31478